[Event "ISR-chT"]
[Site "Israel"]
[Date "2025.01.18"]
[Round "4.5"]
[White "Arlinsky, Uriel"]
[Black "Newman, Ori"]
[Result "0-1"]
[WhiteElo "2311"]
[BlackElo "2308"]
[PlyCount "86"]
[EventDate "2025.01.08"]
[EventType "team-tourn"]
[EventRounds "11"]
[EventCountry "ISR"]
[SourceTitle "CB08_2025"]
[SourceDate "2025.02.19"]
[SourceVersion "1"]
[SourceVersionDate "2025.02.19"]
[SourceQuality "1"]
[WhiteTeam "Petach Tikva"]
[BlackTeam "Kfar Saba II"]
[WhiteTeamCountry "ISR"]
[BlackTeamCountry "ISR"]

1. c4 c6 2. g3 d5 3. Bg2 Nf6 4. Nf3 Bf5 5. Qb3 Qb6 6. d3 e6 7. Qxb6 axb6 8. Nc3 Nbd7 9. 0-0 Be7 10. b3 0-0 11. Bb2 Nc5 12. h3 h6 13. Ne5 Rfd8 14. f4 Nfd7 15. Nxd7 Rxd7 16. cxd5 exd5 17. g4 Bh7 18. f5 Bg5 19. Kh2 b5 20. d4 Na6 21. a3 Be3 22. Nd1 Re8 23. b4 Bg5 24. Nc3 Be3 25. Rad1 Nc7 26. h4 g6 27. Rd3 Rde7 28. Nd1 gxf5 29. gxf5 h5 30. Nxe3 Rxe3 31. Rxe3 Rxe3 32. Rf2 Ne8 33. Bc1 Rc3 34. Bg5 f6 35. Bh6 Nd6 36. Bh3 Kf7 37. Bf4 Nxf5 38. Bxf5 Bxf5 39. Rf3 Rc2 40. Re3 Rc4 41. Bg3 Rxd4 42. Kg1 Rd2 43. Bf4 Ra2 0-1

[Event "Ramat Gan Dov Porat Rapid op"]
[Site "Ramat Gan"]
[Date "2023.10.05"]
[Round "7"]
[White "Levin, Guy"]
[Black "Newman, Ori"]
[Result "0-1"]
[WhiteElo "2408"]
[BlackElo "2261"]
[PlyCount "70"]
[EventDate "2023.10.04"]
[EventType "swiss (rapid)"]
[EventRounds "9"]
[EventCountry "ISR"]
[SourceTitle "CBM 216 Extra"]
[Source "ChessBase"]
[SourceDate "2023.11.30"]
[SourceVersion "1"]
[SourceVersionDate "2023.11.30"]
[SourceQuality "1"]

1. d4 d5 2. Nf3 Nf6 3. Bf4 c5 4. e3 Nc6 5. c3 Qb6 6. Qc1 Bf5 7. Nbd2 cxd4 8. exd4 Rc8 9. Be2 e6 10. 0-0 Be7 11. Nb3 a5 12. Nh4 Be4 13. Be3 Nd7 14. f3 Bg6 15. Nxg6 hxg6 16. Qd2 Bd6 17. g3 a4 18. Nc1 a3 19. b3 e5 20. dxe5 Bc5 21. Bxc5 Qxc5+ 22. Kg2 Ncxe5 23. f4 Nc6 24. Bg4 f5 25. Nd3 Qd6 26. Rfe1+ Kf7 27. Bf3 Rhe8 28. Ne5+ Ncxe5 29. fxe5 Rxe5 30. Rxe5 Nxe5 31. Bxd5+ Kf8 32. c4 b5 33. cxb5 Ng4 34. Rd1 Rc2 35. Qxc2 Ne3+ 0-1

[Event "Ramat Gan Dov Porat Rapid op"]
[Site "Ramat Gan"]
[Date "2023.10.05"]
[Round "5"]
[White "Newman, Ori"]
[Black "Shilon Rahav, Eliran"]
[Result "1-0"]
[WhiteElo "2261"]
[BlackElo "1952"]
[PlyCount "79"]
[EventDate "2023.10.04"]
[EventType "swiss (rapid)"]
[EventRounds "9"]
[EventCountry "ISR"]
[SourceTitle "CBM 216 Extra"]
[Source "ChessBase"]
[SourceDate "2023.11.30"]
[SourceVersion "1"]
[SourceVersionDate "2023.11.30"]
[SourceQuality "1"]

1. d4 d5 2. c4 e6 3. Nf3 c6 4. e3 f5 5. Nc3 Nf6 6. Bd3 Bd6 7. 0-0 0-0 8. b3 Ne4 9. Bb2 Nd7 10. Rc1 g5 11. Ne2 g4 12. Ne5 Qc7 13. Bxe4 dxe4 14. c5 Bxe5 15. dxe5 Nxe5 16. Qd4 Ng6 17. Rfd1 b6 18. cxb6 axb6 19. Rxc6 Qf7 20. Nf4 e5 21. Rxg6+ hxg6 22. Qxe5 Kh7 23. Rc1 Re8 24. Qd6 Ra7 25. Nd5 Be6 26. Nf6+ Kh6 27. h4 Rxa2 28. Qf4+ Kg7 29. Nxe8+ Kf8 30. Qh6+ Kxe8 31. Qh8+ Ke7 32. Rc7+ Bd7 33. Qe5+ Qe6 34. Qg7+ Kd6 35. Be5+ Kd5 36. Rxd7+ Kc5 37. Rd6 Qxb3 38. Qc7+ Kb4 39. Rxb6+ Ka3 40. Qc5+ 1-0

[Event "Ramat Gan Dov Porat Rapid op"]
[Site "Ramat Gan"]
[Date "2023.10.04"]
[Round "3"]
[White "Duchan, Yoav"]
[Black "Newman, Ori"]
[Result "0-1"]
[WhiteElo "1960"]
[BlackElo "2261"]
[PlyCount "155"]
[EventDate "2023.10.04"]
[EventType "swiss (rapid)"]
[EventRounds "9"]
[EventCountry "ISR"]
[SourceTitle "CBM 216 Extra"]
[Source "ChessBase"]
[SourceDate "2023.11.30"]
[SourceVersion "1"]
[SourceVersionDate "2023.11.30"]
[SourceQuality "1"]

1. g3 Nf6 2. Bg2 d5 3. d3 c5 4. Nc3 g6 5. Bg5 Bg7 6. Bxf6 Bxf6 7. Nxd5 Bxb2 8. Rb1 Bg7 9. Qd2 0-0 10. c4 Nc6 11. Nf3 b6 12. 0-0 e6 13. Nc3 Bb7 14. Ne4 Qe7 15. h4 h6 16. Rfe1 Rad8 17. Rbd1 Na5 18. Qc2 Bxe4 19. dxe4 Rxd1 20. Rxd1 Rd8 21. Rxd8+ Qxd8 22. e5 Qc7 23. Qe4 Qd7 24. Bf1 Qc6 25. Qd3 Qa4 26. Qd8+ Bf8 27. h5 gxh5 28. Nd2 Qd1 29. Qd3 Nc6 30. f4 Nb4 31. Qd7 Nc2 32. f5 Nd4 33. fxe6 fxe6 34. Ne4 Nxe2+ 35. Kf2 Qxd7 36. Nf6+ Kf7 37. Nxd7 Nd4 38. Bd3 Bg7 39. Be4 Ke7 40. Nb8 Bxe5 41. Nc6+ Nxc6 42. Bxc6 Kf6 43. Be8 Kg5 44. Bd7 Bd4+ 45. Kf3 e5 46. Be6 Bc3 47. Bd7 Be1 48. Be6 h4 49. gxh4+ Bxh4 50. Bd7 Be1 51. Be6 h5 52. Bd7 h4 53. Bc8 Bg3 54. Bd7 Bf4 55. Bc8 Kf6 56. Bd7 Ke7 57. Bf5 Kd6 58. Bc8 Kc7 59. Be6 Kb7 60. Bd5+ Ka6 61. Bc6 Ka5 62. a3 h3 63. Ke4 h2 64. Kd3 a6 65. Kc3 b5 66. cxb5 axb5 67. Kb3 Bg3 68. Bd5 c4+ 69. Kc2 Bf2 70. Kb2 Bd4+ 71. Ka2 Ka4 72. Be4 Bc5 73. Bc2+ Ka5 74. Be4 Kb6 75. Kb2 Kc7 76. a4 bxa4 77. Kc3 a3 78. Bc2 0-1